01367nam a2200373 c 4500001000700000003000900007005001700016007000700033008003100040015000600071017000900077020001800086035000600104040002500110080000600135082002900141100003700170245006100207250000600268260004300274300002100317336003200338337003100370586003700401590002600438650002300464650003900487910004000526942001200566952014400578952013900722952011500861999001700976 2434 DO-SdBNP20231004131651.0 2434 120730s2011 mx| 000 f spa  a  a b  a9786071110688 a  aBPMSUbspacBPMSUe  a  4aCo863.6 bV335r 20112221 aVásquez, Juan Gabriel, d1973-13aEl ruido de las cosas al caer /cJuan Gabriel Vásquez. a  aMéxico : bPunto de Lectura, c2011. a259 p. ;c24 cm. aTexto (visual)2isbdcontent asin mediación2isbdmedia aPremio Alfaguara de Novela, 2011 aInventariado, 2023/VM 4a Novela colombiana 4aNarcotráfico zColombia vNovela aVMateo V. Control de calidad. BPMSU 2ddccBK 00102ddc40708CJ-GaBPMETbBPMETd2016-06-21eALFAGUARAl0oBPMSU CG Co863.6 V335r 2011pBPMSU16060283r2016-06-21te.2w2016-06-21yBK 00102ddc40708CJ-GaBPMETbBPMETd2016-06-22eALFAGUARAl0oBPMSU CG Co863.6 V335r 2011pBPMSU16060297r2016-06-22w2016-06-22yBK 00102ddc40708CJ-GaBPMETbBPMETd2016-06-22eALFAGUARAl0pBPMSU16060298r2016-06-22te. 3w2016-06-22yBK c10467d10467